Responses for Show #1839 - Thursday, September 10, 1992

Contestants

[<< previous game]

Ellen Grinnell, a human resources manager from Novato, California

Colleen Kemps, an elementary school librarian from Cedar Rapids, Iowa

Anne Ellis, a managing editor originally from Madison, New Jersey (whose 1-day cash winnings total $1,599)

[next game >>]

Jeopardy! Round responses

WEIGHTS & MEASURES
MAYORS
TV GUIDE SAYS
DRAMA
AMERICAN FOLKLORE
"K" ON THE MAP
    $100 26
(Alex: Less than a minute to go.)

2,000

Colleen
    $100 21
Atlantic City

Colleen
    $100 7
"M*A*S*H"

Anne
    $100 6
the Revolutionary War

Colleen
    $100 1
(Colleen: What's a sledgehammer?)

a hammer

Colleen
    $100 16
Kenya

Colleen
    $200 27
paper

Anne
    $200 22
Ed Koch

Anne
    $200 9
"Hill Street Blues"

Anne
    $200 8
Lord (Horatio) Nelson

Colleen
    $200 2
Davy Crockett

Anne
    $200 17
the Khyber Pass

Anne
    $300 28
12 ounces

Anne
    $300 23
(Ellen: What is [*]? West [*]?)

Berlin

Ellen
    $300 10
(Alex: The series was [*].)

"I, Spy"

Triple Stumper
    $300 11
"Hello, Dolly!"

Ellen
    $300 3
Washington Irving

Anne
    $300 18
(Lake) Kentucky

Colleen
    $400 29
quarter mile

Anne
    $400 24
Minneapolis

Ellen
    $400 14
(Anne: What is "Happy Days"?)
(Ellen: What is Dick Van Dyke?)
(Alex: Yes, [*].)

"The Dick Van Dyke Show"

AnneEllen
    $400 12
"The Cherry Orchard"

Anne
    $400 4
Daniel Webster

Ellen
    $400 19
Kuwait</em>

Colleen
    $500 30
an hour

Anne
    $1,000 25
San Antonio

Ellen
    $500 15
"Taxi"

Anne
    $500 13
(Alex: The show was called [*]; [*]. Ellen knew that, but she was afraid to ring in; that's all right. We're gonna pause now for our first commercials and then we'll come back to continue with more answers and questions in the Jeopardy! round.)

"Shirley Valentine"

Triple Stumper
    $500 5
(white) cliffs of Dover

Anne
    $500 20
Kyoto

Colleen

Scores at the first commercial break (after clue 13):

Anne Colleen Ellen
$1,700 $400 $700

Scores at the end of the Jeopardy! Round:

Anne Colleen Ellen
$3,600 $1,900 $2,800

Double Jeopardy! Round responses

AUTHORS
-OLOGIES
THE 50 STATES
ANCIENT TIMES
THE PLANETS
YOUNG ABE LINCOLN
    $200 1
George Orwell

Ellen
    $200 6
a beard

Anne
    $200 8
Kansas

Anne
    $200 13
(Ellen: What is myrrh?)

frankincense

AnneEllen
    $200 18
Mars

Anne
    $400 2
the Nobel Prize

Colleen
    $400 7
bees

Anne
    $400 9
Maine

Anne
    $400 14
vowels

Colleen
    $400 19
(Ellen: What is Mercury?)
...
(Alex: [*], yes. Not the inner planet, Ellen. Anne, back to you.)

Pluto

AnneEllen
    $600 3
Zane Gray/Grey

Colleen
    $600 22
(Alex: Minute to go.)

bell-ringing

Ellen
    $1,200 10
(Alex: And you were not misled by confusing coastline with shoreline. Good for you, Anne. Select.)

Florida

Anne
    $600 15
bronze

Anne
    $600 20
Venus

Ellen
    $600 28
(Colleen: What is baseball?)
...
(The end-of-round signal sounds.)

wrestling

Colleen
Triple Stumper
    $800 4
Theodore White

Ellen
    $800 24
the kidney

Colleen
    $800 11
(Anne: What is Minnesota?)

Wisconsin

Anne
Triple Stumper
    $2,000 16
(Anne: What is the Sphinx?)
(Alex: Sorry. The reference here is to [*]. That's all right, you're still in the lead. You've got $5,000 but there are no more Daily Doubles.)

the hanging garden of Babylon

Anne
    $800 21
(Anne: What is Jupiter?)

Saturn

AnneColleen
    $800 27
(George) Washington

Anne
    $1000 5
(Kenneth) Grahame

Colleen
    $1000 25
churches

Anne
    $1000 12
Oregon

Anne
    $1000 17
(Colleen: Who is Midas?)

(King) Croesus

AnneColleen
    $1000 23
(Anne: What is Neptune?)

Uranus

AnneEllen
    $1000 26
the Black Hawk war

Colleen

Scores at the end of the Double Jeopardy! Round:

Anne Colleen Ellen
$6,600 $5,300 $5,400

[wagering suggestions for these scores]

Final Jeopardy! Round responses

SHIPS
(Alex: All 3 players wrote down their responses immediately, and that means probably that you all got it right; and so strategy and wagering will determine the champion.)
...
(Alex [after reading Anne's response]: What were you writing?)
(Anne: I started to write HMS, and I was afraid it wasn't right; so I thought I'd better stick with "Beagle".)
(Alex: That's fine, the Beagle is right. And if you wagered enough, you will remain champion. [wager revealed] The bet was $4,201 and that takes you up to $10,801 and you remain champion with a 2-day total of $12,400. Congratulations to you. We'll see you tomorrow as we wrap up the week right here on Jeopardy!. Do join us then, won't you? So long.)
ColleenWhat was the Beagle?
$300
EllenWhat was the Beagle
$5,000
AnneWhat is the HM Beagle
$4,201
the HMS Beagle

Final scores:

Anne Colleen Ellen
$10,801 $5,600 $10,400
2-day champion: $12,400 + the Jeopardy! '92 home game or the Jeopardy! 25th Anniversary computer game 3rd place: Krieger watch + the Jeopardy! '92 home game or the Jeopardy! 25th Anniversary computer game 2nd place: Orrefors stemware + Wallace Silversmiths tea service + the Jeopardy! '92 home game or the Jeopardy! 25th Anniversary computer game

Game dynamics:

Coryat scores:

Anne Colleen Ellen
$8,000 $5,300 $4,900
26 R
(including 1 DD),
5 W
(including 1 DD)
16 R,
2 W
11 R
(including 1 DD),
2 W

Combined Coryat: $18,200

[game clues] [game scores] [suggest correction]

Game tape date: 1992-07-20
The J! Archive is created by fans, for fans. Scraping, republication, monetization, and malicious use prohibited; this site may use cookies and collect identifying information. See terms. The Jeopardy! game show and all elements thereof, including but not limited to copyright and trademark thereto, are the property of Jeopardy Productions, Inc. and are protected under law. This website is not affiliated with, sponsored by, or operated by Jeopardy Productions, Inc. Join the discussion at JBoard.tv.